000 00584nam a2200205Ia 4500
005 20250923145230.0
008 008 250917s9999 xx 000 0 eng d
037 _aTextual
040 _aDSWL
_beng
_cDSWL
041 _aeng
_2eng
084 _aZ73,494, N65
_qDSWL
100 _aLafave, W R
_9833157
245 0 _aArrest the decision to take a suspect into custody
_cby W R Lafave
260 _aUSA
_bLittle, Brown & Co.
_c1965
300 _ax,404p.
365 _aUSD
_b15
925 _g15
942 _cTEXL
_hZ73,494, N65
999 _c1448747
_d1448747